000 02344cam a22005414i 4500
003 PE-LiUPU
005 20260219174208.0
008 161013s1997 r 000 0 spa d
035 _a(Sirsi) a164199
040 _aPE-LiUPU
_bspa
_cPE-LiUPU
_erda
049 _aPRUA
082 0 4 _a985.01
_bG65
_221
100 1 _aGonzález Carré, Enrique.
_eautor.
245 1 0 _aAyacucho :
_bSan Juan de la Frontera de Huamanga /
_cEnrique González Carré, Jaime Urrutia Ceruti, Jorge Lévano Peña.
264 1 _aLima :
_bBanco de Crédito del Perú
_c1997.
300 _axix, 365 páginas.
_bilustraciones
_c31 centimetros.
336 _atext
_2rdacontent
337 _aunmediated
_2rdamedia
338 _avolume
_2rdacarrier
490 0 _aColección Arte y tesoros del Perú
500 _aBibliografía : página 349-357.
505 0 _aPaisaje y sociedad regional -- Huamanga: sangre y raíces andinas -- Los poblados campesinos aldeanos -- Del imperio Wari al imperio Inca -- La realización de un sueño de poder y riqueza -- Guaman Poma y San Juan de la Frontera: amor; odio... -- Y no hay remedio --El perfil de la ciudad -- Cultura e identidad.
526 _aP136
526 _aP135
526 _aP134
526 _aP133
526 _aP144
526 _aP143
526 _aP87
526 _aP35
526 _aP20
526 _aP14
526 _aP10
526 _aP06
650 1 8 _aArte indígena
_zPerú.
_93108
650 2 0 _aCultura Huari
_94339
651 8 _aHuamanga, Aya. (Perú : Provincia)
_xHistoria.
651 8 _aHuamanga, Aya. (Perú : Provincia)
_xArquitectura.
651 8 _aAyacucho (Perú : Departamento)
_xHistoria.
700 1 _aLévano P., Jorge.
_ecoaut.
700 1 _aUrrutia, Jaime
_dcoaut.
910 _ajck
_bjos
_cjck
_d20161013
942 _2ddc
_cBOOK
949 _a985.01 G65
_wDEWEY
_c1
_i75040
_lCATALOGING
_mBUL
_p50.00
_r0
_sY
_tBOOK
_u2016-10-13
_xEDUCACION
_zEDUCACION
_0COMPRA
_o.CIRCNOTE. El documento es de alto precio.
_o.STAFF. Colección Ciencias Humanas y Educación
596 _a1
999 _a985.01 G65
_wDEWEY
_c13043
_i75040
_f2021-11-9
_g5
_lCCODEBUL1
_mBUL
_p50.00
_r0
_sY
_tBOOK
_u2016-10-13
_xEDUCACION
_PP14
_0DONACION
_o.STAFF. Colección Ciencias Humanas y Educación
_d13043
980 _818226
_gJaime Vilcazán Jefe de Análisis Documental